000 00496nam a2200181Ia 4500
008 230524s9999 xx 000 0 und d
020 _a9780195682830
082 _a621.3804
_bSTE
100 _aRaymond T.Stefani
245 0 _a"Design of Feedback Control Systems,"
250 _a4TH
260 _aNEW DELHI
_bOxford
_c2010
300 _aXVI;848
500 _aQuantity Number: 5
650 _aElectrical
700 _a" Bahram Shahian, Clement J. Savant , Gene H.Hostetter,,"
942 _cBK
999 _c47985
_d47985